000 00606cam a2200205 4500
001 D14626
008 1966 bf 1
035 _a(Sirsi) u17034
041 0 _aeng
050 0 4 _a016.5268 $2 18
100 1 _aChubb, Thomas
245 0 0 _aPrinted maps in the atlases of Great Britain and Ireland
_ba bibliography 1579-1870
260 _aLondon
_bDawson
_c1966
300 _a479p.
_bill.
_c28cm
350 _a10.50
651 4 _aUnited Kingdom
_y
690 _aENVIRONMENTAL AND LAND CONSULTANCY-GEOMATICS-MAPPING AND POSITIONING-CARTOGRAPHY
942 _n0
948 _c04/03/1997
999 _c87467
_d87467